Memorias sobre el estado rural del Río de la Plata en 1801; demarcación de límites entre el Brasil y el Paraguay á últimos del siglo XVIII, é informes sobre varios particulares de la América Meridional española. Escritos Póstumos de Don Félix de Azara, Brigadier de la Marina Española, y autor de las obras que tratan de los Pájaros, Cuadrúpedos y Descripción é historia del Paraguay y del Río de la Plata. Los publica su sobrino Don Agustín de Azara, Marqués de Nibbiano, Caballero de la Real Orden de Carlos III, etc. Bajo la dirección De Don Basilio Sebastian Castellanos de Losada, Bibliotecario Anticuario de la Biblioteca Nacional, etc. etc. autor de las notas y observaciones que acompañan á estos escritos y de otras obras científicas y literarias. Madrid: 1847. Imprenta de Sanchiz, calle de Las Huertas, núms. 16 y 18

Đã lưu trong:
Chi tiết về thư mục
Tác giả chính: Azara, Félix de (Tác giả)
Định dạng: Sách
Ngôn ngữ:Tiếng Tây Ban Nha
Được phát hành: Madrid Imprenta de Sanchiz 1847
Phiên bản:1a. ed
Những chủ đề:
Các nhãn: Thêm thẻ
Không có thẻ, Là người đầu tiên thẻ bản ghi này!

MARC

LEADER 00000nam a2200000 a 4500
001 UCJ6759
003 CL-VaPUC
008 070124e18470000SP |||||||||||||||||spa|d
082 0 4 |a 980  |b AZA  |2 21 
100 |a Azara, Félix de  |e author  |9 514043 
245 1 0 |a Memorias sobre el estado rural del Río de la Plata en 1801; demarcación de límites entre el Brasil y el Paraguay á últimos del siglo XVIII, é informes sobre varios particulares de la América Meridional española. Escritos Póstumos de Don Félix de Azara, Brigadier de la Marina Española, y autor de las obras que tratan de los Pájaros, Cuadrúpedos y Descripción é historia del Paraguay y del Río de la Plata. Los publica su sobrino Don Agustín de Azara, Marqués de Nibbiano, Caballero de la Real Orden de Carlos III, etc. Bajo la dirección De Don Basilio Sebastian Castellanos de Losada, Bibliotecario Anticuario de la Biblioteca Nacional, etc. etc. autor de las notas y observaciones que acompañan á estos escritos y de otras obras científicas y literarias. Madrid: 1847. Imprenta de Sanchiz, calle de Las Huertas, núms. 16 y 18 
250 |a 1a. ed 
300 |a viii, 252 p 
942 |c BK 
945 |d 20070124 00:00:00  |a rinostro 
260 |a Madrid  |b Imprenta de Sanchiz  |c 1847 
500 |a 4§, media pasta.- Anteport.- v. en b.-Port.- v. en b.- A los lectores, el editor.- Portadilla.- Retrato (grabado) de Don Félix de Azara con reproducción de su firma 
600 0 7 |a RIBERA, LAZARO DE  |2 CL-VaPUC  |9 514044 
600 0 7 |a CASTELLANOS DE LOSADA, BASILIO SEBASTIAN  |2 CL-VaPUC  |9 514045 
600 0 7 |a AZARA, AGUSTIN DE  |2 CL-VaPUC  |9 514046 
650 7 |a MEMORIAS  |2 CL-VaPUC  |9 269159 
650 7 |a CUESTIONES LIMITROFES  |2 CL-VaPUC  |9 504171 
650 0 |a Tratados internacionales   |9 256056 
650 0 |a Colonización española  |9 256592 
650 0 |a Misioneros  |9 324171 
650 7 |a DOCUMENTOS  |2 CL-VaPUC  |9 366450 
650 0 |a Tabaco  |9 343563 
650 0 |a Recursos naturales  |9 255232 
650 0 |a Comercio  |9 255341 
650 0 |a Contrabando  |9 324529 
650 7 |a GUERRAS COLONIALES  |2 CL-VaPUC  |9 507173 
650 7 |a DESCRIPCION BIBLIOFILICA  |2 CL-VaPUC  |9 504580 
650 0 |a Iconografía   |9 267998 
650 0 |a Autógrafos   |9 446110 
650 7 |a LIBRO RARO  |2 CL-VaPUC  |9 504169 
651 0 |a España  |9 254926 
651 7 |a PORTUGAL  |2 CL-VaPUC  |9 255007 
651 0 |a Paraguay  |9 255336 
651 0 |a Argentina  |9 254888 
651 0 |a Uruguay  |9 255194 
651 0 |a Brasil  |9 267393 
583 |a last modification  |c 20070124 00:00:00  |k Rodrigo Vera 
999 |c 322861  |d 322859 
952 |0 0  |1 0  |4 0  |6 980_000000000000000_AZA_1847  |7 0  |8 X  |9 401990  |a FDOBUD  |b FDOBUD  |d 2019-11-22  |i 1052535  |o 980 AZA 1847  |p 1052535  |r 2019-11-22  |w 2019-11-22  |y BK_X  |k BUD